| 000 | 00700cam a2200193 i 4500 | ||
|---|---|---|---|
| 005 | 20251228085555.0 | ||
| 008 | 250721r1997 ua gr 000 0 ara d | ||
| 082 | 1 | 4 |
_a218.61 _bز ع ب |
| 100 | 1 |
_aالزعبي، محمد عبد الملك _eمؤلف. |
|
| 245 | 1 | 0 |
_aمناظرات الأئمة / _cتاليف الداعية الاسلامي محمد عبدالملك الزعبي. |
| 250 | _aالطبعة الاولى. | ||
| 264 | 3 | 1 |
_aالمنصورة : _c1997. _bمكتبة الإيما للنشر والتوزيع، |
| 300 | _a64صفحة. | ||
| 650 | 1 | 7 | _aالإسلام. |
| 650 | 1 | 7 | _aالمناظرات. |
| 650 | 1 | 7 | _aدفع مطاعن. |
| 942 |
_2ddc _cBK |
||
| 999 |
_c31755 _d31755 |
||